01114nam a2200193Ia 4500008004100000020001500041050002300056100002900079240004400108245013000152250001800282260003200300300001800332500005300350500002300403500006500426505039900491650003000890120626s1990 mx a 000 0 spa d a9682436958 aLB2808 bK383 1990 aKaufman, Roger A.eautor aEducational systems planninglespañol aPlanificación de sistemas educativos b: Ideas básicas concretas c/ Roger A., Kaufman; traducción de Agustín, Contin a2a. edición aMéxicob: Trillasc, 1990 a189 páginas aTítulo original : Educational systems planning areimpresión 2007 aIncluye: Indice general, Bibliografía, Indice alfabético a1. Planificación. Introducción 2. La educación como un proceso administrativo. Introducción a un enfoque sistemático de la educación 3. Determinación de las necesidades educativas 4. Análisis de misiones 5. Análisis de funciones 6. Análisis de tareas 7. Análisis de métodos y medios 8. Cómo realizar lo planificado 9. Cómo planificar lo que se hace  0aPLANIFICACIÓN EDUCATIVA